Market leader : Banking and finance business english
"Banking and Finance"is one of a number of specialist books within the Market Leader series that compliments the course. Each book consists of 18 units, 2 tests, and a multilingual glossary
Gorde:
| Egile nagusia: | |
|---|---|
| Formatua: | Liburua |
| Hizkuntza: | Undetermined |
| Argitaratua: |
England
Longman
2000
|
| Gaiak: | |
| Etiketak: |
Etiketa erantsi
Etiketarik gabe, Izan zaitez lehena erregistro honi etiketa jartzen!
|
| Thư viện lưu trữ: | Trung tâm Học liệu Trường Đại học Cần Thơ |
|---|
| LEADER | 00932nam a2200229Ia 4500 | ||
|---|---|---|---|
| 001 | CTU_94276 | ||
| 008 | 210402s9999 xx 000 0 und d | ||
| 020 | |c 95000 | ||
| 082 | |a 428.24 | ||
| 082 | |b J66 | ||
| 100 | |a Johnson, Christine | ||
| 245 | 0 | |a Market leader : | |
| 245 | 0 | |b Banking and finance business english | |
| 245 | 0 | |c Christine Johnson | |
| 260 | |a England | ||
| 260 | |b Longman | ||
| 260 | |c 2000 | ||
| 520 | |a "Banking and Finance"is one of a number of specialist books within the Market Leader series that compliments the course. Each book consists of 18 units, 2 tests, and a multilingual glossary | ||
| 650 | |a English language,English language,Banks and banking,English language | ||
| 650 | |x Conversation and phrase books (for bank employees),Sound recordings for foreign speakers,Problems, exercises, etc,Business english | ||
| 904 | |i Giang | ||
| 980 | |a Trung tâm Học liệu Trường Đại học Cần Thơ | ||